Μανωλίδης : μνήμες & εικόνες

Saved in:
Bibliographic Details
Main Author: Μανωλίδης, Θεόδωρος
Other Authors: Ιωαννίδης, Κώστας (cur [Επιμελητής έκθεσης])
Format: Book
Language:Greek
Published: [Χ. τ. : χ. ό.], 2000.
Subjects:
Tags: Add Tag
No Tags, Be the first to tag this record!

MARC

LEADER 00000cam a2200000 a 4500
001 1/112147
008 161004s2000####gr | ||| |||| ||gre||
040 |a GR-MyUa  |b gre  |c GR-MyUa  |e AACR2 
041 0 |a gre 
082 7 |a 700.92   |2 (23)  
100 1 |a Μανωλίδης, Θεόδωρος. 
245 1 0 |a Μανωλίδης :   |b μνήμες & εικόνες /   |c επιμέλεια έκθεσης Κώστας Ιωαννίδης.  
260 |a [Χ. τ. :   |b χ. ό.],   |c 2000.  
300 |a [16] φύλλα :   |b εικ. ;   |c 29 εκ.  
500 |a Ανω του τίτλου: Δήμος Ερμούπολης, Ερμουπόλεια 2000.  
500 |a Κατάλογος έκθεσης: Πινακοθήκη Κυκλάδων, Ιούλ. 2000, Σύρος.  
600 1 7 |2 nlgaf  |a Μανωλίδης, Θεόδωρος  |v Exhibitions. 
700 1 |a Ιωαννίδης, Κώστας,  |e cur [Επιμελητής έκθεσης] 
852 |a INST  |b SYROS  |c KYK  |e 20161004  |h 700.92 ΜΑΝ  |p 005500012770  |q 005500012770  |t BK  |y 0 
970 |a Κοντού  |b Παρασκευή  |z 04/07/2016